Manmaranja charithra nagarangal/ (Record no. 70468)

000 -LEADER
fixed length control field 00444nam a22001577a 4500
020 ## - INTERNATIONAL STANDARD BOOK NUMBER
International Standard Book Number 9789386094735
082 ## - DEWEY DECIMAL CLASSIFICATION NUMBER
Classification number M 909
Item number GIF/M
100 ## - MAIN ENTRY--PERSONAL NAME
Personal name Gifu Melattur
9 (RLIN) 36086
245 ## - TITLE STATEMENT
Title Manmaranja charithra nagarangal/
Statement of responsibility, etc. by Gifu Melattur
260 ## - PUBLICATION, DISTRIBUTION, ETC.
Place of publication, distribution, etc. Kottayam:
Name of publisher, distributor, etc. Sahithya Pravarthaka Co-operative Society Ltd,
Date of publication, distribution, etc. 2017.
300 ## - PHYSICAL DESCRIPTION
Extent 112p.
650 ## - SUBJECT ADDED ENTRY--TOPICAL TERM
Topical term or geographic name entry element World History
9 (RLIN) 36087
650 ## - SUBJECT ADDED ENTRY--TOPICAL TERM
Topical term or geographic name entry element Civilization
9 (RLIN) 36088
650 ## - SUBJECT ADDED ENTRY--TOPICAL TERM
Topical term or geographic name entry element History
9 (RLIN) 36089
942 ## - ADDED ENTRY ELEMENTS (KOHA)
Koha item type Book
Holdings
Withdrawn status Lost status Damaged status Not for loan Permanent Location Current Location Shelving location Date acquired Cost, normal purchase price Total Checkouts Full call number Barcode Date last seen Date last checked out Price effective from Koha item type Source of classification or shelving scheme
        Sree Sankaracharya University of Sanskrit Sree Sankaracharya University of Sanskrit Stacks 03.03.2018 110.00 1 M 909 GIF/M 087980 01.07.2024 28.06.2024 03.03.2018 Book  
        Sree Sankaracharya University of Sanskrit Sree Sankaracharya University of Sanskrit Stacks 26.03.2025 110.00   M 909 GIF/M 104427 26.03.2025   26.03.2025 Book